MARC

LEADER 00000nam0a2200000 4500
001 365519
005 20231102011807.0
035 |a (RuTPU)RU\TPU\retro\22882 
090 |a 365519 
100 |a 20220112d1981 km y0rusy50 ca 
101 0 |a rus 
102 |a RU 
105 |a a z 001zy 
200 1 |a Фармакологический анализ механизма стресса и его последствий  |f И. С. Заводская, Е. В. Морева  |g Академия медицинских наук СССР 
210 |a Ленинград  |c Медицина  |d 1981 
215 |a 215 с.  |c ил. 
320 |a Библиогр.: с. 199-212 
606 1 |a Стресс  |x Медицина  |2 stltpush  |3 (RuTPU)RU\TPU\subj\57216  |9 75079 
606 1 |a Фармакология общая  |2 stltpush  |3 (RuTPU)RU\TPU\subj\60551  |9 77831 
610 1 |a фармакологическое действие 
610 1 |a анализ 
610 1 |a последствия 
610 1 |a нейрогенные повреждения 
610 1 |a терапия 
610 1 |a желудок 
610 1 |a сердце 
610 1 |a печень 
610 1 |a легкие 
610 1 |a фармакологические препараты 
610 1 |a применение 
675 |a 616  |v 4 
675 |a 615  |v 4 
700 1 |a Заводская  |b И. С. 
701 1 |a Морева  |b Е. В. 
712 0 2 |a Академия медицинских наук СССР  |c (1944-1992)  |2 stltpush  |3 (RuTPU)RU\TPU\col\6122  |9 24217 
801 1 |a RU  |b 63413507  |c 20220112 
801 2 |a RU  |b 63413507  |c 20220112  |g RCR 
942 |c BK